Welcome to CU Library Online Public Access Catalogue (OPAC)

Curriculum development for medical education : (Record no. 2785)

MARC details
000 -LEADER
fixed length control field 00945pam a2200253 a 4500
001 - CONTROL NUMBER
control field 1183572
005 - DATE AND TIME OF LATEST TRANSACTION
control field 20250122120736.0
008 - FIXED-LENGTH DATA ELEMENTS--GENERAL INFORMATION
fixed length control field 971212s1998 mdu b 001 0 eng c
020 ## - INTERNATIONAL STANDARD BOOK NUMBER
International Standard Book Number 9780801858444
050 00 - LIBRARY OF CONGRESS CALL NUMBER
Classification number R834
Item number .C87 1998
082 00 - DEWEY DECIMAL CLASSIFICATION NUMBER
Classification number 610/.71/173
Edition information 21
245 00 - TITLE STATEMENT
Title Curriculum development for medical education :
Remainder of title a six step approach /
Statement of responsibility, etc. David E. Kern ... [et al.].
260 ## - PUBLICATION, DISTRIBUTION, ETC.
Place of publication, distribution, etc. Baltimore :
Name of publisher, distributor, etc. Johns Hopkins University Press,
Date of publication, distribution, etc. c1998.
300 ## - PHYSICAL DESCRIPTION
Extent 178 p. ;
Dimensions 25 cm.
650 #0 - SUBJECT ADDED ENTRY--TOPICAL TERM
Topical term or geographic name entry element Curriculum planning.
650 #0 - SUBJECT ADDED ENTRY--TOPICAL TERM
Topical term or geographic name entry element Medical education
General subdivision Curricula
Geographic subdivision United States.
650 #0 - SUBJECT ADDED ENTRY--TOPICAL TERM
Topical term or geographic name entry element Medicine
General subdivision Study and teaching.
650 12 - SUBJECT ADDED ENTRY--TOPICAL TERM
Topical term or geographic name entry element Curriculum.
650 12 - SUBJECT ADDED ENTRY--TOPICAL TERM
Topical term or geographic name entry element Education, Medical
General subdivision methods.
700 1# - ADDED ENTRY--PERSONAL NAME
Personal name Kern, David E.
856 42 - ELECTRONIC LOCATION AND ACCESS
Materials specified Contributor biographical information
Uniform Resource Identifier <a href="http://www.loc.gov/catdir/bios/jhu051/97051745.html">http://www.loc.gov/catdir/bios/jhu051/97051745.html</a>
856 42 - ELECTRONIC LOCATION AND ACCESS
Materials specified Publisher description
Uniform Resource Identifier <a href="http://www.loc.gov/catdir/description/jhu052/97051745.html">http://www.loc.gov/catdir/description/jhu052/97051745.html</a>
942 ## - ADDED ENTRY ELEMENTS (KOHA)
Source of classification or shelving scheme Library of Congress Classification
Koha item type Books
Suppress in OPAC No
999 ## -
-- 2785
-- 2785
Holdings
Withdrawn status Lost status Source of classification or shelving scheme Damaged status Not for loan Collection Home library Current library Shelving location Date acquired Total checkouts Full call number Barcode Date last seen Copy number Price effective from Koha item type
    Library of Congress Classification     Non-fiction Science Library (Miotso) Science Library (Miotso) General stacks 01/22/2025   R834 .C87 CUR SLM00002135 01/22/2025 1 01/22/2025 Books
© 2023-2024 Copyright: Central University Libraries. All Rights Reserved | Created by: Mahone Tech Office